Library Banner
Normal view MARC view

Entry Personal Name

Number of records used in: 1

001 - CONTROL NUMBER

  • control field: 9435

003 - CONTROL NUMBER IDENTIFIER

  • control field: PK-LaUMT

005 - DATE AND TIME OF LATEST TRANSACTION

  • control field: 20260224091813.0

008 - FIXED-LENGTH DATA ELEMENTS

  • fixed length control field: 260224|| aca||aabn | a|a d

040 ## - CATALOGING SOURCE

  • Original cataloging agency: PK-LaUMT
  • Transcribing agency: PK-LaUMT

100 ## - HEADING--PERSONAL NAME

  • Personal name: Ritter, Andre V

670 ## - SOURCE DATA FOUND

  • Source citation: Work cat.: (PK-LaUMT)139857: Ritter, Andre V., Sturdevant's art and science of operative dentistry /, 2026